Smart technológie v podnikovom prostredí

Enregistré dans:
Détails bibliographiques
Auteur principal: Olejník, Kristián (Auteur)
Autres auteurs: Vargic, Radoslav (Directeur de thèse)
Format: Manuscrit Livre
Langue:slovaque
Publié: Bratislava : STU v Bratislave FEI, 2024
Sujets:
Accès en ligne:https://opac.crzp.sk/?fn=detailBiblioFormChildKA3TH&sid=9A7D98113A4E7D6F02A873A0EB46&seo=CRZP-detail-kniha
Tags: Ajouter un tag
Pas de tags, Soyez le premier à ajouter un tag!

MARC

LEADER 00000ntm a22000003a 4500
001 stuzp96636
003 SK-STU
005 20250423143833.3
007 ta
008 150427s2015----xo-----f-mn---000-0-slo-d
040 |a STU  |b slo 
041 0 |a slo 
044 |a xo 
100 1 |a Olejník, Kristián  |u 037000  |4 aut  |U FEI Fakulta elektrotechniky a informatiky  |T FEI Ústav multimediálnych informačných a komunikačných technológií  |X 97893  |U E070  |Y 818  |7 97893 
242 0 1 |a Smart technologies in enterprise environment  |y eng 
245 1 0 |a Smart technológie v podnikovom prostredí 
260 |a Bratislava :  |b STU v Bratislave FEI,  |c 2024 
300 |a 92 s. 
650 4 |a ESP32  |2 slo 
650 4 |a inteligentné podnikové prostredie  |2 slo 
650 4 |a MySQL  |2 slo 
650 4 |a inteligentné zaznamenávanie dochádzky  |2 slo 
650 4 |a IoT  |2 slo 
650 4 |a smart enterprise environment  |2 eng 
650 4 |a IoT  |2 eng 
650 4 |a MySQL  |2 eng 
650 4 |a smart attendance tracking  |2 eng 
650 4 |a ESP32  |2 eng 
700 1 |a Vargic, Radoslav  |u 037000  |k Z1  |4 ths  |U FEI Fakulta elektrotechniky a informatiky  |T FEI Ústav multimediálnych informačných a komunikačných technológií  |X 1918  |U E070  |Y 818  |7 A000001918 
856 4 |u https://opac.crzp.sk/?fn=detailBiblioFormChildKA3TH&sid=9A7D98113A4E7D6F02A873A0EB46&seo=CRZP-detail-kniha